Bác Hồ và Bác Tôn một tình bạn cao cả
Gồm các chuyện kể về tình bạn giữa Bác Hồ và Bác Tôn như: Từ ký ức tuổi thơ; Cuộc 'song hành' vì dân tộc; Phải tìm cho được anh thợ máy Tôn Đức Thắng!; Một thứ lửa thử vàng; Một bình minh đang đến; Anh hùng đã gặp anh hùng;...
محفوظ في:
| المؤلف الرئيسي: | |
|---|---|
| التنسيق: | كتاب |
| اللغة: | Undetermined |
| منشور في: |
H.
Thanh niên
2015
|
| الموضوعات: | |
| الوصول للمادة أونلاين: | http://lrc.tdmu.edu.vn/opac/search/detail.asp?aID=2&ID=22954 |
| الوسوم: |
إضافة وسم
لا توجد وسوم, كن أول من يضع وسما على هذه التسجيلة!
|
| Thư viện lưu trữ: | Trung tâm Học liệu Trường Đại học Thủ Dầu Một |
|---|
| LEADER | 01293nam a2200205Ia 4500 | ||
|---|---|---|---|
| 001 | TDMU_22954 | ||
| 008 | 210410s9999 xx 000 0 und d | ||
| 082 | |a 895.922803 | ||
| 090 | |b TR121 | ||
| 100 | |a Trần, Đương | ||
| 245 | 0 | |a Bác Hồ và Bác Tôn một tình bạn cao cả | |
| 245 | 0 | |c Trần Đương (biên soạn) | |
| 260 | |a H. | ||
| 260 | |b Thanh niên | ||
| 260 | |c 2015 | ||
| 300 | |a 230tr. | ||
| 520 | |a Gồm các chuyện kể về tình bạn giữa Bác Hồ và Bác Tôn như: Từ ký ức tuổi thơ; Cuộc 'song hành' vì dân tộc; Phải tìm cho được anh thợ máy Tôn Đức Thắng!; Một thứ lửa thử vàng; Một bình minh đang đến; Anh hùng đã gặp anh hùng; Từ Hà Nội đến Chiến khu Việt Bắc; Hai cây đại thụ của rừng cây Đại đoàn kết... | ||
| 650 | |a Lãnh tụ cách mạng |z Việt Nam; Chính trị gia |x Hoạt động cách mạng |z Việt Nam |v Chuyện kể; Hồ Chí Minh |d 1890-1969; Tôn Đức Thắng |d 1888-1980 | ||
| 856 | |u http://lrc.tdmu.edu.vn/opac/search/detail.asp?aID=2&ID=22954 | ||
| 980 | |a Trung tâm Học liệu Trường Đại học Thủ Dầu Một | ||